000
00223 a2200097 4500
001
39791
100
_a
Szenasy Susan S
245
_a
Office Furniture
260
_a
New York
_b
Factars on File
_c
1984
090
_c
24798
_d
24798
942
_a
NUST-CAE
_c
M
_c
16444
999
_c
274864
_d
274864